[Event "2022 Uganda Open Chess Championship"]
[Site "Kampala"]
[Date "2022.02.17"]
[Round "2"]
[Board "3"]
[White "Tayebwa, Naboth"]
[Black "Ssali, Julius"]
[Result "1/2-1/2"]
[WhiteElo "1646"]
[BlackElo "2037"]
[PlyCount "114"]
[EventDate "2022.02.17"]
[EventRounds "8"]
[EventCountry "UGA"]

1. d4 Nf6 2. c4 e6 3. Nc3 d5 4. Bg5 c6 5. e4 dxe4 6. Bxf6 Qxf6 7. Nxe4 Bb4+ 8.
Nc3 c5 9. Nf3 Nc6 10. dxc5 Bxc3+ 11. bxc3 Qxc3+ 12. Nd2 O-O 13. Rc1 Qe5+ 14.
Be2 Nd4 15. Nf3 Nxf3+ 16. gxf3 Qxc5 17. f4 Qa5+ 18. Qd2 Qxd2+ 19. Kxd2 Bd7 20.
Bf3 Rad8 21. Kc3 b6 22. Kb4 g6 23. Rhd1 Kg7 24. Rd6 Bc8 25. Rcd1 Rxd6 26. Rxd6
Kf6 27. Kb5 Ke7 28. Rd4 f6 29. Kc6 e5 30. Re4 Bf5 31. Re3 Rc8+ 32. Kb7 Rxc4 33.
fxe5 Ra4 34. exf6+ Kxf6 35. Bd5 Rd4 36. Bc6 Rd2 37. a4 Bd7 38. Rc3 Bxc6+ 39.
Rxc6+ Kg5 40. Rc4 Rd7+ 41. Kb8 Rf7 42. Rc7 Rxf2 43. Rxh7 a5 44. h4+ Kg4 45. Rh6
Rf6 46. Ka7 Kf5 47. Ka6 Ke5 48. Kb5 Re6 49. Rh8 Kf5 50. Rb8 Kg4 51. Rh8 Re4 52.
Kxb6 Rxa4 53. Kb5 Ra1 54. Rh6 Kf5 55. h5 g5 56. Rh8 Kg4 57. h6 Rh1  1/2-1/2

[Event "2022 Uganda Open Chess Championship"]
[Site "Kampala"]
[Date "2022.02.17"]
[Round "2"]
[Board "4"]
[White "Bitarinsa, Arthur"]
[Black "Majok, Bior Deng"]
[Result "1-0"]
[WhiteElo "1639"]
[BlackElo "1991"]
[PlyCount "75"]
[EventDate "2022.02.17"]
[EventRounds "8"]
[EventCountry "UGA"]

1. Nf3 e6 2. g3 d5 3. d3 c5 4. Bg2 Nc6 5. Nbd2 Bd6 6. O-O Bd7 7. c3 Nge7 8. Re1
Qc7 9. a3 f6 10. e4 O-O-O 11. b4 h5 12. bxc5 Bxc5 13. d4 Bd6 14. c4 b6 15. cxd5
exd5 16. exd5 Nxd5 17. Qb3 Nde7 18. Ne4 Ng6 19. Be3 Na5 20. Qd3 f5 21. Nxd6+
Qxd6 22. d5 Kb8 23. Ng5 Ne5 24. Qd4 Rhf8 25. f4 Ng4 26. Bd2 Rfe8 27. Nf7 Qf6
28. Qxf6 Nxf6 29. Nxd8 Rxd8 30. Bc3 Ne8 31. Be5+ Kb7 32. Re3 a6 33. Rc1 Bb5 34.
Bxg7 Nd6 35. Be5 Ne4 36. Rc7+ Ka8 37. Bxe4 fxe4 38. d6  1-0

[Event "2022 Uganda Open Chess Championship"]
[Site "Kampala"]
[Date "2022.02.17"]
[Round "2"]
[Board "5"]
[White "Angolikin, Goretti"]
[Black "Mugisha, David"]
[Result "1/2-1/2"]
[WhiteElo "1631"]
[BlackElo "1958"]
[PlyCount "59"]
[EventDate "2022.02.17"]
[EventRounds "8"]
[EventCountry "UGA"]

1. e4 e6 2. d4 d5 3. e5 c5 4. Nf3 cxd4 5. Nxd4 Nc6 6. Nxc6 bxc6 7. Bd3 Qc7 8.
Qe2 Bd7 9. O-O Ne7 10. f4 c5 11. c3 c4 12. Bc2 g6 13. Nd2 Nc6 14. Nf3 Bc5+ 15.
Kh1 Rb8 16. Rb1 Qa5 17. a3 Qb6 18. Bd2 h5 19. h3 Ne7 20. Kh2 Nf5 21. Bxf5 gxf5
22. Qe1 Qd8 23. Be3 Bxe3 24. Qxe3 Qb6 25. Nd4 h4 26. Qe1 Ba4 27. Rf2 Qc5 28.
Re2 Qe7 29. Nf3 Rb6 30. Qf2  1/2-1/2

[Event "2022 Uganda Open Chess Championship"]
[Site "Kampala"]
[Date "2022.02.17"]
[Round "2"]
[Board "6"]
[White "Musasizi, Emmanuel"]
[Black "Tumusiime, Anthony"]
[Result "1-0"]
[WhiteElo "1935"]
[BlackElo "1638"]
[PlyCount "83"]
[EventDate "2022.02.17"]
[EventRounds "8"]
[EventCountry "UGA"]

1. e4 Nc6 2. d4 e5 3. d5 Nce7 4. c4 Ng6 5. Nc3 Bc5 6. Nf3 a6 7. Bd3 Nf6 8. a3
d6 9. h3 h6 10. O-O O-O 11. b4 Ba7 12. Ne2 Nh5 13. Be3 Re8 14. c5 dxc5 15. bxc5
Qf6 16. Kh2 Nhf4 17. Nxf4 Nxf4 18. Ng1 Qg6 19. g3 Nxd3 20. Qxd3 f5 21. f3 Qf7
22. Rab1 f4 23. gxf4 exf4 24. Bd4 Qg6 25. Rf2 Qg3+ 26. Kh1 Qh4 27. Rg2 g5 28.
Bb2 Qh5 29. Qc3 Qg6 30. Kh2 b6 31. Ne2 Bxh3 32. Nxf4 Qh7 33. Nxh3 bxc5 34. Rbg1
Re7 35. e5 Rb8 36. e6 Rxb2 37. Qxb2 Qf5 38. Rxg5+ hxg5 39. Rxg5+ Qxg5 40. Nxg5
Rg7 41. Qxg7+ Kxg7 42. e7  1-0

[Event "2022 Uganda Open Chess Championship"]
[Site "Kampala"]
[Date "2022.02.17"]
[Round "2"]
[Board "7"]
[White "Otika, Elvis Brian"]
[Black "Kizza, Faruk Fauza Karim"]
[Result "0-1"]
[WhiteElo "1630"]
[BlackElo "1929"]
[PlyCount "70"]
[EventDate "2022.02.17"]
[EventRounds "8"]
[EventCountry "UGA"]

1. d4 d5 2. Bf4 e6 3. e3 Bd6 4. Bg3 Nf6 5. Nf3 Bxg3 6. hxg3 b6 7. Ne5 Bb7 8.
Bb5+ c6 9. Bd3 Nbd7 10. Nxd7 Qxd7 11. Nd2 O-O-O 12. Qe2 Kb8 13. O-O-O c5 14.
dxc5 bxc5 15. Ba6 c4 16. Bxb7 Qxb7 17. c3 Nd7 18. Nf3 Nc5 19. Qc2 h6 20. Rd2
Rd6 21. Ne5 Rb6 22. Rhd1 f6 23. Ng6 Rd8 24. Nf4 g5 25. Nh5 Ka8 26. Nxf6 Rb8 27.
Qh7 Qxh7 28. Nxh7 Nd3+ 29. Rxd3 cxd3 30. Rd2 e5 31. Rxd3 Rh8 32. Rxd5 Rxh7 33.
Rxe5 Rf7 34. f4 gxf4 35. gxf4 Rg6  0-1

[Event "2022 Uganda Open Chess Championship"]
[Site "Kampala"]
[Date "2022.02.17"]
[Round "2"]
[Board "8"]
[White "Wagodo, Abdul Shakuru"]
[Black "Mugerwa, Ronnie"]
[Result "0-1"]
[WhiteElo "1926"]
[BlackElo "1589"]
[PlyCount "84"]
[EventDate "2022.02.17"]
[EventRounds "8"]
[EventCountry "UGA"]

1. f4 d5 2. d4 Bf5 3. Nf3 h6 4. e3 a6 5. c4 c6 6. c5 a5 7. Bd3 Bxd3 8. Qxd3 Nf6
9. Nc3 e6 10. O-O b6 11. cxb6 Qxb6 12. Ne5 Nbd7 13. f5 exf5 14. Qxf5 Rd8 15.
Na4 Qb5 16. Nc3 Qb6 17. Bd2 Be7 18. Rac1 O-O 19. Na4 Qb5 20. Nxc6 Rde8 21. b3
Bb4 22. Bxb4 axb4 23. Ne5 Nxe5 24. dxe5 Ne4 25. Rc7 Qb8 26. Rxf7 Rxf7 27. Qxf7+
Kh8 28. e6 Ng5 29. Qf5 Qa7 30. Re1 Rxe6 31. Qf8+ Kh7 32. Qc5 Qb7 33. Qd4 Rg6
34. Kh1 Qf7 35. Qh4 Qf5 36. h3 Qc2 37. Rg1 Ne4 38. Kh2 Qxa2 39. Qd8 Qxb3 40.
Nb6 Qxe3 41. Nxd5 Qg3+ 42. Kh1 Nf2#  0-1

[Event "2022 Uganda Open Chess Championship"]
[Site "Kampala"]
[Date "2022.02.17"]
[Round "2"]
[Board "9"]
[White "Mawanda, Michael"]
[Black "Rushdi, Ramadan Abdow"]
[Result "1-0"]
[WhiteElo "1883"]
[BlackElo "1586"]
[PlyCount "63"]
[EventDate "2022.02.17"]
[EventRounds "8"]
[EventCountry "UGA"]

1. Nf3 Nf6 2. g3 c6 3. Bg2 d5 4. d4 Bg4 5. Ne5 Bf5 6. O-O Nbd7 7. Nd3 e6 8. c3
Be7 9. a4 Be4 10. f3 Bf5 11. Nd2 h5 12. Nf2 h4 13. g4 Bg6 14. h3 Bd6 15. e4 Bg3
16. e5 Nh7 17. b4 a5 18. Qb3 Qc7 19. Rd1 f6 20. exf6 Bxf2+ 21. Kxf2 Qg3+ 22.
Kg1 Ng5 23. Nf1 Nxh3+ 24. Kh1 Nf2+ 25. Kg1 Nh3+ 26. Kh1 Nf4 27. Nxg3 hxg3+ 28.
Kg1 Ne2+ 29. Kf1 Rh2 30. Ra2 Nxc1 31. Rxc1 Bd3+ 32. Kg1  1-0

[Event "2022 Uganda Open Chess Championship"]
[Site "Kampala"]
[Date "2022.02.17"]
[Round "2"]
[Board "10"]
[White "Ntumwa, Calvin"]
[Black "Lamarque, Hugh"]
[Result "1-0"]
[WhiteElo "1601"]
[BlackElo "1870"]
[PlyCount "39"]
[EventDate "2022.02.17"]
[EventRounds "8"]
[EventCountry "UGA"]

1. d4 Nf6 2. Nf3 g6 3. Bf4 Bg7 4. e3 d6 5. h3 O-O 6. Be2 Nbd7 7. O-O Re8 8. Nc3
c5 9. Re1 cxd4 10. exd4 b6 11. Bc4 Qc7 12. Qe2 h6 13. Bb3 Nh5 14. Nd5 Qd8 15.
Nxe7+ Rxe7 16. Qxe7 Qxe7 17. Rxe7 Nxf4 18. Rxf7 d5 19. Rxf4 Nf6 20. Rxf6  1-0

[Event "2022 Uganda Open Chess Championship"]
[Site "Kampala"]
[Date "2022.02.17"]
[Round "2"]
[Board "11"]
[White "Kalule, Caxton"]
[Black "Daahir, Bashir Yusuf"]
[Result "1-0"]
[WhiteElo "1853"]
[BlackElo "1555"]
[PlyCount "43"]
[EventDate "2022.02.17"]
[EventRounds "8"]
[EventCountry "UGA"]

1. e4 e5 2. Nf3 d6 3. Bc4 Be7 4. O-O Nf6 5. Re1 O-O 6. h3 b6 7. d4 exd4 8. Nxd4
Bb7 9. Nc3 Nbd7 10. Nf5 Ne5 11. Bb3 c5 12. a4 a6 13. Bg5 g6 14. Nxe7+ Qxe7 15.
f4 Ned7 16. Bd5 Rab8 17. Bxb7 Rxb7 18. e5 dxe5 19. fxe5 Nxe5 20. Nd5 Qe6 21.
Bxf6 Rd7 22. Rxe5  1-0

[Event "2022 Uganda Open Chess Championship"]
[Site "Kampala"]
[Date "2022.02.17"]
[Round "2"]
[Board "12"]
[White "Eculo, Isaac"]
[Black "Kalugo, Goerge William"]
[Result "0-1"]
[WhiteElo "1578"]
[BlackElo "1835"]
[PlyCount "84"]
[EventDate "2022.02.17"]
[EventRounds "8"]
[EventCountry "UGA"]

1. d4 {[%emt 0:00:00]} d5 2. c4 Nf6 3. Nc3 b6 4. g3 Bb7 5. Bg2 e6 6. Nf3 Be7 7.
O-O O-O 8. Ne5 Ne4 9. cxd5 Nxc3 10. bxc3 Bxd5 11. e4 Bb7 12. Qa4 c5 13. Be3
cxd4 14. cxd4 Bf6 15. Ng4 Be7 16. Ne5 Qd6 17. Rac1 Qd8 18. Rc3 f6 19. Nd3 Na6
20. Rfc1 Rc8 21. Rxc8 Bxc8 22. d5 exd5 23. exd5 Qd7 24. Qb3 Bd6 25. Nf4 Bxf4
26. Bxf4 Nc5 27. Qa3 Rd8 28. Be3 Na6 29. Qb3 Kf8 30. Bf1 Qe7 31. Rxc8 Rxc8 32.
Bxa6 Rd8 33. Be2 Qe4 34. d6 g6 35. Qc4 Qxc4 36. Bxc4 a5 37. Bh6+ Ke8 38. Bb5+
Kf7 39. d7 g5 40. f4 Kg6 41. fxg5 fxg5 42. Bxg5 Kxg5  0-1

[Event "2022 Uganda Open Chess Championship"]
[Site "Kampala"]
[Date "2022.02.17"]
[Round "2"]
[Board "13"]
[White "Sanya, Derrick"]
[Black "Kimala, Martin"]
[Result "1-0"]
[WhiteElo "1828"]
[BlackElo "1548"]
[PlyCount "73"]
[EventDate "2022.02.17"]
[EventRounds "8"]
[EventCountry "UGA"]

1. e4 c5 2. Nc3 e5 3. Nf3 Nc6 4. Bc4 d6 5. h3 Be6 6. d3 h6 7. Be3 Nf6 8. Bxe6
fxe6 9. Nh4 g5 10. Ng6 Rg8 11. Nxf8 Rxf8 12. h4 Rg8 13. hxg5 hxg5 14. Rh6 Qe7
15. Qf3 Kf7 16. Rh7+ Rg7 17. Rxg7+ Kxg7 18. Bxg5 Nd4 19. Bxf6+ Qxf6 20. Qxf6+
Kxf6 21. O-O-O Rg8 22. g3 a6 23. Rh1 b5 24. Kd2 Kg6 25. Ne2 Nf3+ 26. Ke3 Rf8
27. Nf4+ exf4+ 28. Kxf3 fxg3+ 29. Kxg3 e5 30. b3 a5 31. Rh4 b4 32. Rg4+ Kf6 33.
f4 Rf7 34. f5 Rg7 35. Rxg7 Kxg7 36. Kg4 Kf6 37. Kh5  1-0

[Event "2022 Uganda Open Chess Championship"]
[Site "Kampala"]
[Date "2022.02.17"]
[Round "2"]
[Board "14"]
[White "Muhebwa, Shafik"]
[Black "Benjamin, Chau Awar"]
[Result "0-1"]
[WhiteElo "1466"]
[BlackElo "1824"]
[PlyCount "40"]
[EventDate "2022.02.17"]
[EventRounds "8"]
[EventCountry "UGA"]

1. e4 d6 2. d4 Nf6 3. Nc3 g6 4. f4 Bg7 5. Nf3 O-O 6. Be3 Ng4 7. Bd2 e5 8. fxe5
dxe5 9. d5 c6 10. h3 Nf6 11. Bg5 h6 12. Bh4 Qb6 13. b3 Qb4 14. Qd3 Nxe4 15. Be7
Qxc3+ 16. Qxc3 Nxc3 17. Bxf8 Kxf8 18. dxc6 Nxc6 19. h4 Nd4 20. Nd2 e4  0-1

[Event "2022 Uganda Open Chess Championship"]
[Site "Kampala"]
[Date "2022.02.17"]
[Round "2"]
[Board "15"]
[White "Muwanga, Moses"]
[Black "Mugisha, Ivan Jalagatha"]
[Result "0-1"]
[WhiteElo "1354"]
[BlackElo "1818"]
[PlyCount "34"]
[EventDate "2022.02.17"]
[EventRounds "8"]
[EventCountry "UGA"]

1. e4 c5 2. Nf3 Nc6 3. a3 Qb6 4. Bc4 e6 5. O-O Nge7 6. d3 d5 7. Ba2 Bd7 8. exd5
exd5 9. Bf4 O-O-O 10. b3 Bg4 11. Nc3 Nd4 12. Na4 Qf6 13. c3 Nxf3+ 14. gxf3 Bh3
15. Bg3 Nf5 16. Re1 h5 17. Qe2 h4  0-1

[Event "2022 Uganda Open Chess Championship"]
[Site "Kampala"]
[Date "2022.02.17"]
[Round "2"]
[Board "16"]
[White "Kawuma, Patricia"]
[Black "Were, Samuel"]
[Result "1/2-1/2"]
[WhiteElo "1198"]
[BlackElo "1809"]
[PlyCount "87"]
[EventDate "2022.02.17"]
[EventRounds "8"]
[EventCountry "UGA"]

1. e4 c5 2. Nf3 d6 3. d4 {[%emt 0:00:00]} cxd4 4. Nxd4 Nf6 5. Nc3 a6 6. Bd3 e5
7. Nde2 Be6 8. O-O Be7 9. f4 exf4 10. Bxf4 O-O 11. Kh1 d5 12. e5 Nh5 13. Nd4
Nxf4 14. Rxf4 Nd7 15. Nxe6 fxe6 16. Rxf8+ Nxf8 17. Qf3 Bb4 18. Rf1 Qe7 19. Ne2
Nd7 20. Qh5 g5 21. Qxh7+ Qxh7 22. Bxh7+ Kg7 23. Bd3 Nxe5 24. Nd4 Re8 25. Nf3
Nxd3 26. cxd3 Rf8 27. g4 Rf4 28. h3 Kf6 29. Kg2 e5 30. Nh2 Rxf1 31. Nxf1 e4 32.
dxe4 dxe4 33. Kf2 Ke5 34. Ke2 Bc5 35. Ng3 b5 36. Nf5 a5 37. h4 gxh4 38. Nxh4
Kf4 39. Ng2+ Kxg4 40. Ne1 Kf4 41. Nc2 b4 42. Ne1 a4 43. b3 a3 44. Nc2  1/2-1/2

[Event "2022 Uganda Open Chess Championship"]
[Site "Kampala"]
[Date "2022.02.17"]
[Round "2"]
[Board "18"]
[White "Mukose, Emmanuel"]
[Black "Joseph, Kizito"]
[Result "1-0"]
[WhiteElo "1770"]
[BlackElo "1515"]
[PlyCount "55"]
[EventDate "2022.02.17"]
[EventRounds "8"]
[EventCountry "UGA"]

1. e4 c5 2. Nf3 Nc6 3. d4 cxd4 4. Nxd4 Nf6 5. Nc3 d6 6. Be3 g6 7. f3 Bg7 8. Qd2
O-O 9. O-O-O Bd7 10. g4 Nxd4 11. Bxd4 Qa5 12. Kb1 Rfd8 13. h4 h5 14. gxh5 Nxh5
15. Bxg7 Kxg7 16. Rg1 Qc5 17. Be2 a6 18. Rg5 Qf2 19. Rxh5 gxh5 20. Qg5+ Kf8 21.
Nd5 f6 22. Qh6+ Kg8 23. Bc4 e6 24. Qg6+ Kf8 25. Qxf6+ Kg8 26. Ne7+ Kh7 27. Qf7+
Kh8 28. Ng6#  1-0

[Event "2022 Uganda Open Chess Championship"]
[Site "Kampala"]
[Date "2022.02.17"]
[Round "2"]
[Board "21"]
[White "Nyombi, Ibrahim Collins"]
[Black "Nabirye, Caroline"]
[Result "1-0"]
[WhiteElo "1758"]
[BlackElo "1371"]
[PlyCount "57"]
[EventDate "2022.02.17"]
[EventRounds "8"]
[EventCountry "UGA"]

1. d4 d5 2. Nf3 Nf6 3. c4 e6 4. Nc3 Bb4 5. Qc2 dxc4 6. e3 b6 7. Qa4+ Bd7 8.
Qxb4 Nc6 9. Qxc4 O-O 10. Be2 Qe7 11. a3 Rad8 12. O-O e5 13. dxe5 Nxe5 14. Nxe5
Qxe5 15. Qf4 Qc5 16. Ne4 Nxe4 17. Qxe4 Bc6 18. Qc4 Qd6 19. e4 Qg6 20. Bf3 b5
21. Qc2 Rfe8 22. Re1 Rd7 23. Bf4 Bb7 24. g3 Rde7 25. Rac1 Bxe4 26. Bxe4 Rxe4
27. Rxe4 Rxe4 28. Qxc7 Qe6 29. Qc8+  1-0

[Event "2022 Uganda Open Chess Championship"]
[Site "Kampala"]
[Date "2022.02.17"]
[Round "2"]
[Board "22"]
[White "Kikabi, Jeffrey"]
[Black "Hannah, Zion Mawejje"]
[Result "1-0"]
[WhiteElo "1738"]
[BlackElo "1304"]
[PlyCount "69"]
[EventDate "2022.02.17"]
[EventRounds "8"]
[EventCountry "UGA"]

1. e4 e5 2. Nf3 Nc6 3. Bb5 d6 4. c3 Bd7 5. d4 exd4 6. cxd4 a6 7. Bc4 Be7 8. Nc3
Nf6 9. a3 O-O 10. h3 h6 11. Be3 Na5 12. Bd3 c5 13. e5 cxd4 14. exf6 dxe3 15.
fxe7 exf2+ 16. Kxf2 Qxe7 17. Re1 Qd8 18. b4 Qb6+ 19. Kg3 Nc6 20. Qd2 Rfe8 21.
Nd5 Qd8 22. Rxe8+ Bxe8 23. Re1 Rc8 24. b5 axb5 25. Bxb5 Ne5 26. Bxe8 Qxe8 27.
Qe3 Rc5 28. Qd4 Rc4 29. Rxe5 dxe5 30. Qxc4 e4 31. Nd4 Qe5+ 32. Kf2 e3+ 33. Nxe3
Qf4+ 34. Nf3 Qxc4 35. Nxc4  1-0

[Event "2022 Uganda Open Chess Championship"]
[Site "Kampala"]
[Date "2022.02.17"]
[Round "2"]
[Board "27"]
[White "Nsubuga, Grace Daniel"]
[Black "Ntume, Ivan"]
[Result "1-0"]
[WhiteElo "2032"]
[BlackElo "1438"]
[PlyCount "77"]
[EventDate "2022.02.17"]
[EventRounds "8"]
[EventCountry "UGA"]

1. d4 d5 2. c4 Nf6 3. cxd5 Nxd5 4. e4 Nb6 5. Nc3 e6 6. Nf3 N8d7 7. Be2 Nf6 8.
O-O Bb4 9. Bd3 O-O 10. Qe2 c5 11. a3 cxd4 12. axb4 dxc3 13. bxc3 Qc7 14. e5
Nfd5 15. Qe4 f5 16. exf6 Nxf6 17. Qe5 Qxe5 18. Nxe5 Nbd5 19. Bd2 b6 20. c4 Ne7
21. b5 Bb7 22. Bb4 Rfe8 23. Ra3 a6 24. bxa6 Rxa6 25. Rxa6 Bxa6 26. Ra1 Bc8 27.
Ra8 Nf5 28. Rb8 Nd7 29. Nxd7 Bxd7 30. Rxb6 Ra8 31. h3 Ra1+ 32. Kh2 Ra2 33. Rb8+
Kf7 34. Rf8+ Kg6 35. g4 Rxf2+ 36. Kg1 Rf3 37. gxf5+ exf5 38. Bf1 f4 39. Bd6  1-0

[Event "2022 Uganda Open Chess Championship"]
[Site "Kampala"]
[Date "2022.02.17"]
[Round "2"]
[Board "28"]
[White "Abdullahi, Garba Haruna"]
[Black "Jacob, Jok Matiop Athoch"]
[Result "0-1"]
[WhiteElo "1835"]
[BlackElo "1922"]
[PlyCount "50"]
[EventDate "2022.02.17"]
[EventRounds "8"]
[EventCountry "UGA"]

1. d4 d5 2. c4 e6 3. Nf3 Nf6 4. Nc3 c6 5. cxd5 exd5 6. Bf4 a6 7. e3 Bd6 8. Ne5
O-O 9. Bd3 b5 10. O-O Bb7 11. Rc1 Ne4 12. Qh5 f5 13. Rfd1 Nd7 14. Nxd7 Qxd7 15.
Bxd6 Qxd6 16. a4 b4 17. Ne2 Rf6 18. Ng3 f4 19. Bxe4 Rh6 20. Qe5 Qxe5 21. dxe5
fxg3 22. Bf3 gxf2+ 23. Kxf2 Rxh2 24. Rc2 Rh4 25. b3 g5  0-1

[Event "2022 Uganda Open Chess Championship"]
[Site "Kampala"]
[Date "2022.02.17"]
[Round "2"]
[Board "29"]
[White "Mudangi, Isaac"]
[Black "Nakiyaga, Lilian"]
[Result "1-0"]
[WhiteElo "1796"]
[BlackElo "1344"]
[PlyCount "35"]
[EventDate "2022.02.17"]
[EventRounds "8"]
[EventCountry "UGA"]

1. e4 e5 2. Nf3 Nf6 3. d4 Nc6 4. Nc3 Bb4 5. Qd3 exd4 6. Nxd4 Nxd4 7. Qxd4 Bxc3+
8. bxc3 d6 9. Bg5 Qe7 10. Bd3 h6 11. Bh4 Bf5 12. O-O Bd7 13. Rfe1 O-O-O 14.
Qxa7 Bc6 15. e5 Qe6 16. exf6 Qd5 17. Qa8+ Kd7 18. Re7#  1-0

[Event "2022 Uganda Open Chess Championship"]
[Site "Kampala"]
[Date "2022.02.17"]
[Round "2"]
[Board "30"]
[White "Mbaziira, Wasswa Sharif"]
[Black "Kaamu, Joseph"]
[Result "0-1"]
[WhiteElo "1383"]
[BlackElo "1714"]
[PlyCount "56"]
[EventDate "2022.02.17"]
[EventRounds "8"]
[EventCountry "UGA"]

1. d4 Nf6 2. Nc3 d5 3. Bf4 g6 4. Nf3 Bg7 5. e3 O-O 6. Bd3 c5 7. dxc5 Qa5 8. O-O
Qxc5 9. h3 Nc6 10. Qd2 a6 11. Na4 Qa7 12. c4 Re8 13. cxd5 Nxd5 14. Bh2 b5 15.
Nc3 Ndb4 16. Bb1 Rd8 17. Qc1 Bb7 18. Rd1 e6 19. a3 Nd5 20. Nxd5 exd5 21. Ba2 d4
22. exd4 Nxd4 23. Nxd4 Bxd4 24. Qf4 Rd7 25. Rd2 Rad8 26. Rad1 Qc5 27. Bxf7+
Rxf7 28. Qg3 Bxf2+  0-1

[Event "2022 Uganda Open Chess Championship"]
[Site "Kampala"]
[Date "2022.02.17"]
[Round "2"]
[Board "31"]
[White "Nakiirya, Victoria"]
[Black "Kamya, Daniel"]
[Result "0-1"]
[WhiteElo "1345"]
[BlackElo "1695"]
[PlyCount "100"]
[EventDate "2022.02.17"]
[EventRounds "8"]
[EventCountry "UGA"]

1. e4 c5 2. Nf3 Nc6 3. Bc4 e6 4. d3 d5 5. exd5 exd5 6. Bb3 b5 7. a3 Be7 8. O-O
Bg4 9. h3 Bh5 10. Bf4 Nf6 11. Nc3 a6 12. Re1 O-O 13. g4 Bg6 14. Ne5 Nxe5 15.
Bxe5 c4 16. dxc4 dxc4 17. Ba2 Qxd1 18. Raxd1 Bxc2 19. Rd2 Bd3 20. Bb1 Bxb1 21.
Rxb1 Rad8 22. Rbd1 Rxd2 23. Rxd2 Rd8 24. Re2 Kf8 25. Kf1 Ne8 26. Bf4 Bd6 27.
Be3 Be5 28. Bc5+ Bd6 29. Be3 f6 30. f3 Kf7 31. Kf2 Be5 32. Bb6 Bd4+ 33. Bxd4
Rxd4 34. Ke3 Rd3+ 35. Kf4 g5+ 36. Kg3 Nd6 37. Kf2 a5 38. Re3 Rd2+ 39. Re2 Rxe2+
40. Kxe2 Ke6 41. Ke3 Ke5 42. Ne2 b4 43. axb4 axb4 44. Nd4 Kd5 45. Nc2 b3 46.
Nd4 c3 47. Nxb3 cxb2 48. Nd2 Nc4+ 49. Kd3 Nxd2 50. Kxd2 b1=Q  0-1

[Event "2022 Uganda Open Chess Championship"]
[Site "Kampala"]
[Date "2022.02.17"]
[Round "2"]
[Board "32"]
[White "Zuri, Tatiina"]
[Black "Matovu, Musa"]
[Result "0-1"]
[WhiteElo "1324"]
[BlackElo "1682"]
[PlyCount "60"]
[EventDate "2022.02.17"]
[EventRounds "8"]
[EventCountry "UGA"]

1. e4 b6 2. Nf3 Bb7 3. d3 e6 4. g3 Nf6 5. Bg2 d6 6. O-O Be7 7. Nc3 O-O 8. Re1
Nbd7 9. e5 dxe5 10. Nxe5 Bxg2 11. Nxd7 Qxd7 12. Kxg2 Rfd8 13. Bf4 c5 14. a4 h6
15. Be5 Qc6+ 16. Qf3 Qe8 17. Red1 a6 18. d4 c4 19. d5 exd5 20. Nxd5 Nxd5 21.
Rxd5 Rxd5 22. Qxd5 Bc5 23. Re1 Rc8 24. Re4 Qxa4 25. Rxc4 Qe8 26. Bd4 Rd8 27.
Qe5 Qc6+ 28. Kg1 f6 29. Qf4 Qb7 30. Bxc5 Rd1#  0-1

[Event "2022 Uganda Open Chess Championship"]
[Site "Kampala"]
[Date "2022.02.17"]
[Round "2"]
[Board "33"]
[White "Ampaire, Shakira"]
[Black "Musavuli, Noe"]
[Result "0-1"]
[WhiteElo "1661"]
[BlackElo "1308"]
[PlyCount "82"]
[EventDate "2022.02.17"]
[EventRounds "8"]
[EventCountry "UGA"]

1. e4 e6 2. Nc3 Bb4 3. Nf3 d5 4. exd5 exd5 5. d4 Bg4 6. Be2 Nf6 7. O-O O-O 8.
Bg5 Be7 9. Ne5 Bxe2 10. Qxe2 Nc6 11. Rad1 Re8 12. Qb5 Rb8 13. Bxf6 Bxf6 14.
Nxc6 bxc6 15. Qxc6 Rb6 16. Qxd5 Rxb2 17. Qxd8 Rxd8 18. Ne4 Rxc2 19. a3 Rc4 20.
Nxf6+ gxf6 21. g3 Rcxd4 22. Rc1 Rc8 23. Rc6 Rd6 24. Rfc1 Rxc6 25. Rxc6 Kg7 26.
f4 f5 27. Kf2 h6 28. Kf3 Rd8 29. Rc3 Rd7 30. h3 Kg6 31. Ke3 Kg7 32. Rc5 Kg6 33.
Rc6+ f6 34. Ra6 c5 35. Rc6 Rb7 36. Rxc5 Rb3+ 37. Kd4 Rxa3 38. Rc3 Rxc3 39. Kxc3
Kf7 40. g4 fxg4 41. hxg4 f5  0-1

[Event "2022 Uganda Open Chess Championship"]
[Site "Kampala"]
[Date "2022.02.17"]
[Round "2"]
[Board "34"]
[White "Nabaggala, Vanessa"]
[Black "Namaganda, Christine"]
[Result "0-1"]
[WhiteElo "1239"]
[BlackElo "1649"]
[PlyCount "116"]
[EventDate "2022.02.17"]
[EventRounds "8"]
[EventCountry "UGA"]

1. e4 d6 2. d4 Nf6 3. Nc3 g6 4. f4 Bg7 5. Nf3 Bg4 6. Be2 c6 7. O-O Nbd7 8. e5
dxe5 9. fxe5 Nd5 10. Bd2 Qb6 11. Na4 Qc7 12. Ng5 Bxe2 13. Qxe2 O-O-O 14. Nxf7
b5 15. Nxh8 Bxh8 16. Nc3 Qb6 17. Qe4 Bxe5 18. Ne2 N5f6 19. Qd3 Bb8 20. a4 Qc7
21. Bf4 e5 22. dxe5 Nxe5 23. Qc3 Nd5 24. Qxe5 Qxe5 25. Bxe5 Bxe5 26. axb5 Ne3
27. Rf7 Nxc2 28. Raxa7 cxb5 29. Rxh7 Bd6 30. Ra8+ Bb8 31. Ra6 Nb4 32. Ra8 Nc6
33. Nf4 Ne5 34. Ne6 Rd1+ 35. Kf2 Nd7 36. h4 Kb7 37. Ra2 Kc6 38. Ke2 Rd5 39. Rg7
Re5+ 40. Kf3 Rxe6 41. Ra6+ Nb6 42. Rg8 Bc7 43. Kg4 Kd5 44. Rg7 Bd8 45. Ra1 Re4+
46. Kf3 Bxh4 47. Rxg6 Nc4 48. Rd1+ Rd4 49. Rxd4+ Kxd4 50. Rg4+ Kd3 51. Rxh4 Kc2
52. Rh5 b4 53. Rc5 Kd3 54. g3 Nxb2 55. Rb5 Kc3 56. g4 Nc4 57. g5 Nd6 58. Rb6
Nf7  0-1

[Event "2022 Uganda Open Chess Championship"]
[Site "Kampala"]
[Date "2022.02.17"]
[Round "2"]
[Board "35"]
[White "Ndawula, Jonathan"]
[Black "Mukasa, Patrick"]
[Result "1-0"]
[WhiteElo "1159"]
[BlackElo "1539"]
[PlyCount "59"]
[EventDate "2022.02.17"]
[EventRounds "8"]
[EventCountry "UGA"]

1. e4 d5 2. exd5 Nf6 3. Nf3 Qxd5 4. c4 Qh5 5. Nc3 Bg4 6. Be2 Nc6 7. h3 O-O-O 8.
O-O Bxh3 9. Nh2 Qg6 10. Bf3 Nd4 11. Kh1 Nxf3 12. Qxf3 Bd7 13. d4 e6 14. Be3 Bc6
15. Qh3 Be7 16. d5 Bd7 17. Qf3 exd5 18. cxd5 a6 19. Rac1 Bd6 20. Bf4 Bxf4 21.
Qxf4 h5 22. d6 Bc6 23. f3 Rxd6 24. b4 Rhd8 25. b5 Rd4 26. Qe3 axb5 27. Qe7 Qg3
28. Ne2 R4d7 29. Qxd8+ Rxd8 30. Nxg3  1-0

[Event "2022 Uganda Open Chess Championship"]
[Site "Kampala"]
[Date "2022.02.17"]
[Round "2"]
[Board "36"]
[White "Kabengano, Joyce"]
[Black "Mwashe, Yvonne Adego"]
[Result "1-0"]
[WhiteElo "1515"]
[BlackElo "1043"]
[PlyCount "53"]
[EventDate "2022.02.17"]
[EventRounds "8"]
[EventCountry "UGA"]

1. e4 c6 2. d4 d5 3. Nc3 dxe4 4. Nxe4 Bf5 5. Ng3 Bg6 6. Nf3 Nd7 7. Bc4 e6 8.
O-O Ngf6 9. Bg5 c5 10. d5 Qb6 11. dxe6 fxe6 12. b3 Bd6 13. Bxe6 Qc7 14. Re1 Be7
15. Bxd7+ Qxd7 16. Qxd7+ Kxd7 17. Rad1+ Ke8 18. Rd2 Kf7 19. Ne5+ Ke8 20. Rde2
Rc8 21. Nxg6 hxg6 22. Rxe7+ Kf8 23. Rxb7 Rd8 24. Rxa7 Rh7 25. h3 Rc8 26. Bxf6
Kg8 27. Ree7  1-0